000
00327nam a22001457a 4500
008
230124b ||||| |||| 00| 0 eng d
020
_a
0205484786
041
_a
eng
080
_2
SECOND EDITION
_a
7
082
_a
7WAI
100
_a
19
101
_a
ART
245
_a
THEATRE COLLABORATIVE ACTS
_c
WAINSCOTT
942
_2
udc
_c
BK
999
_c
59252
_d
59252